| 000 | 00000nam 2200000zi 4500 |
| 001 | 9.945423 |
| 003 | CaOODSP |
| 005 | 20250324130959 |
| 006 | m o d f |
| 007 | cr |n||||||||| |
| 008 | 241121e198107##onca ob f000 0 fre d |
| 040 | |aCaOODSP|bfre|erda|cCaOODSP |
| 043 | |an-cn--- |
| 086 | 1 |aCo22-661/1981F-PDF |
| 100 | 1 |aAngers, Denis, |eauteur. |
| 245 | 10|aÉtude de l'utilisation du canal réservé aux communications secondaires (EMCS-SCMO) dans un système à modulation de fréquences et de son affection à des fins autres que présentés : |brapport final / |cpar Denis Angers, Gilles Y. Delisle, Magella Bouchard. |
| 264 | 1|a[Ottawa] : |b[Ministère des communications], |cjuillet 1981. |
| 300 | |a1 ressource en ligne ([5], 102 pages) : |billustrations |
| 336 | |atexte|btxt|2rdacontent/fre |
| 337 | |ainformatique|bc|2rdamedia/fre |
| 338 | |aressource en ligne|bcr|2rdacarrier/fre |
| 500 | |aPublié aussi en anglais sous le titre : Study of the use of the subsidiary communications channel (EMCS-SCMO) in a frequency modulation system and its assignment to other uses : final report. |
| 500 | |a«Rapport no. LT-81-8277.» |
| 500 | |a«Université Laval, Faculté des sciences et de génie, Département de génie électronique, Laboratoire de télécommunications.» |
| 500 | |aÉdition numérisée de l'imprimé [par Innovation, sciences et développement économique Canada]. |
| 504 | |aComprend des références bibliographiques (page 91). |
| 650 | 6|aRadiodiffusion en modulation de fréquence. |
| 650 | 6|aRadiofréquences|xAttribution. |
| 650 | 6|aModulation de fréquence. |
| 710 | 1 |aCanada. |bMinistère des communications, |eorganisme de publication. |
| 710 | 2 |aUniversité Laval. |bLaboratoire de télécommunications, |eorganisme de publication. |
| 775 | 08|tStudy of the use of the subsidiary communications channel (EMCS-SCMO) in a frequency modulation system and its assignment to other uses : |w(CaOODSP)9.932313 |
| 856 | 40|qPDF|s5018 Ko|uhttps://publications.gc.ca/collections/collection_2024/isde-ised/Co22-661-1981-fra.pdf |